Informatizovaná spoločnosť

Na minha lista:
Detalhes bibliográficos
Outros Autores: Zsoldos, Ladislav
Formato: Livro
Idioma:eslovaco
Publicado em: Bratislava AGRIS 1989
Edição:1. vyd.
Tags: Adicionar Tag
Sem tags, seja o primeiro a adicionar uma tag!

MARC

LEADER 00000nam a2200000 4500
001 c040263
005 20221215070713.1
041 0 |a slo 
044 |a SK 
245 1 0 |a Informatizovaná spoločnosť  |c Sprac. Ladislav Zsoldos 
250 |a 1. vyd. 
264 1 |a Bratislava  |b AGRIS  |c 1989 
300 |a 196 s. 
700 1 |a Zsoldos, Ladislav